Collection Peter Zgonc, Togo, British & French occupation (auction April 7, 2018) (Record no. 3054)

000 -LEADER
fixed length control field 00420nam a22000977a 4500
008 - FIXED-LENGTH DATA ELEMENTS--GENERAL INFORMATION
fixed length control field 200720b ||||| |||| 00| 0 eng d
100 ## - MAIN ENTRY--AUTHOR'S NAME
Author's Name Gartner, Christoph
245 ## - TITLE STATEMENT
Title Collection Peter Zgonc, Togo, British & French occupation (auction April 7, 2018)
260 ## - PUBLICATION, DISTRIBUTION, ETC. (IMPRINT)
Place of publication, distribution, etc. Bietigheim-Bissingen, Germany
Name of publisher, distributor, etc. Gartner, Christop
Date of publication, distribution, etc. 2018
650 ## - TOPICAL TERM (Tag)
Topical term or geographic name Togo (1897-) | Great Britain -- Occupation of Togo | France -- Occupation of Togo | Auctions
Holdings
Withdrawn status Lost status Source of classification or shelving scheme Damaged status Koha normalized classification for sorting Not for loan Collection code Permanent Location Current Location Shelving location Date acquired Total Checkouts Full call number Barcode Date last seen Copy number Price effective from Koha item type
        G8761 O15 G244   Rudi Anders Northern Philatelic Library Northern Philatelic Library General Stacks 07/20/2020   G8761 O15 G244 1005471 07/20/2020 1 07/20/2020 Auction Catalogs

Powered by Koha